| 000 | 00482nam a2200169Ia 4500 | ||
|---|---|---|---|
| 003 | GCL | ||
| 008 | 140319s9999 xx 000 0 ara d | ||
| 040 |
_aGCL / _cGCL |
||
| 082 | 0 | 4 |
_a304.6 _bم ا |
| 245 | 1 | 0 | _aاستراتيجية البيئة |
| 260 |
_aالقاهرة : _bالمجلس القومى للسكان ، _c1991 |
||
| 300 |
_a18 ص ؛ _c20 سم |
||
| 650 | 0 | 4 | _aالبيئة |
| 650 | 0 | 4 | _aالسكان |
| 650 | 0 | 4 | _aالاحصائيات الحيوية |
| 942 |
_2ddc _cBK |
||
| 999 |
_c6801 _d6801 |
||